书目信息 |
| 书名: | The Red Fez Art and Spitit Possession in Africa | |
| 作者: | FRITZ W.KRAMER. | |
| 分册号: | ||
| 分册名: | 出版地: | London : |
|
| 出版社: | VERSO | |
| 出版时间: | c1987. | |
| 页数: | 292 p. ; | |
| 开本: | 20cm. | |
| 丛书名: | ||
| 中图分类号: | ||
| 科图分类号: | ||
| 其他分类号: | J022 | |
| 主题词: | ||
| 电子资源: | ||
| 000 | 00393nam 2200145 a 4500 | |
| 001 | E0739448797 | |
| 005 | 20070518110001.03 | |
| 008 | 070518s1987 00010 eng | |
| 020 | @a0-86091-465-8. | |
| 040 | @aPFT@beng | |
| 090 | @aJ022 | |
| 099 | @dJ022@ex31 | |
| 245 | 1 | @aThe Red Fez Art and Spitit Possession in Africa / @cFRITZ W.KRAMER. |
| 260 | @aLondon :@bVERSO,@cc1987. | |
| 300 | @a292 p. ;@c20cm. | |
| The Red Fez Art and Spitit Possession in Africa / / FRITZ W.KRAMER.-London : : VERSO, , c1987. |
| 292 p. ; ; 20cm. |
| ISBN 0-86091-465-8. |
| ● |
| 相关链接 |
|
|
|
|
正题名:The Red Fez Art and Spitit Possession in Africa
索取号:J022/x31
 
预约/预借
| 序号 | 登录号 | 条形码 | 馆藏地/架位号 | 状态 | 备注 |
| 1 | 9989 | 300099890 | 第二样本阅览室/ [索取号:J022/x31] | 在馆 |